House of huawei: (Record no. 30604)
[ view plain ]
| 000 -LEADER | |
|---|---|
| fixed length control field | 01198nam a2200217 4500 |
| 008 - FIXED-LENGTH DATA ELEMENTS--GENERAL INFORMATION | |
| fixed length control field | 251122b |||||||| |||| 00| 0 eng d |
| 020 ## - INTERNATIONAL STANDARD BOOK NUMBER | |
| International Standard Book Number | 9780349146485 |
| 082 ## - DEWEY DECIMAL CLASSIFICATION NUMBER | |
| Classification number | 338.88 DOU |
| 100 ## - MAIN ENTRY--PERSONAL NAME | |
| Personal name | Dou, Eva |
| 245 ## - TITLE STATEMENT | |
| Title | House of huawei: |
| Remainder of title | inside the secret world of China's most powerful company |
| 260 ## - PUBLICATION, DISTRIBUTION, ETC. | |
| Place of publication, distribution, etc. | New York: |
| Name of publisher, distributor, etc. | Abacus books; |
| Date of publication, distribution, etc. | c2025. |
| 300 ## - PHYSICAL DESCRIPTION | |
| Extent | xlii, 406p. |
| 500 ## - GENERAL NOTE | |
| General note | Includes bibliographical references and index. |
| 520 ## - SUMMARY, ETC. | |
| Summary, etc. | The untold story of the mysterious company that shook the world.<br/>Shortlisted for the Financial Times Business Book of the Year 2025. |
| 520 ## - SUMMARY, ETC. | |
| Summary, etc. | In House of Huawei, Washington Post technology reporter Eva Dou pieces together a remarkable portrait of Huawei's reclusive founder Ren Zhengfei and how he built a sprawling corporate empire - one whose rise Western policymakers have become increasingly obsessed with halting. The book dissects the global web of power, money, influence, surveillance, bloodshed and national glory that Huawei helped to build - and that has also ensnared it. |
| 650 ## - SUBJECT ADDED ENTRY--TOPICAL TERM | |
| Topical term or geographic name entry element | International business- China |
| 650 ## - SUBJECT ADDED ENTRY--TOPICAL TERM | |
| Topical term or geographic name entry element | Telecommunication- China |
| 650 ## - SUBJECT ADDED ENTRY--TOPICAL TERM | |
| Topical term or geographic name entry element | Management |
| 942 ## - ADDED ENTRY ELEMENTS (KOHA) | |
| Source of classification or shelving scheme | Dewey Decimal Classification |
| Suppress in OPAC | No |
| Koha item type | Book |
| Withdrawn status | Lost status | Source of classification or shelving scheme | Damaged status | Not for loan | Home library | Current library | Date acquired | Total checkouts | Full call number | Barcode | Date last seen | Date last checked out | Price effective from | Koha item type |
|---|---|---|---|---|---|---|---|---|---|---|---|---|---|---|
| Dewey Decimal Classification | IMI Delhi | IMI Delhi | 21/11/2025 | 3 | 338.88 DOU | 22208 | 10/03/2026 | 10/03/2026 | 22/11/2025 | Book |